The art of healing : (Record no. 55270)

MARC details
000 -LEADER
fixed length control field 02791nam a22003257a 4500
005 - DATE AND TIME OF LATEST TRANSACTION
control field 20110811150526.0
010 ## - LCCN (DPL NO)
LC control number B-428552-560
020 ## - INTERNATIONAL STANDARD BOOK NUMBER
International Standard Book Number 9788172238087
Terms of availability 250.00
035 ## - SYSTEM CONTROL NUMBER
System control number B-428552-560
037 ## - SOURCE OF ACQUISITION
Source of stock number/acquisition Researchco Book Centre
082 ## - DEWEY DECIMAL CLASSIFICATION NUMBER
Classification number 613.7046
100 1# - MAIN ENTRY--PERSONAL NAME
Personal name Gautier, Namrita.
245 14 - TITLE STATEMENT
Title The art of healing :
Remainder of title Pranayama : the breath of life /
Statement of responsibility, etc Namrita Gautier and François Gautier.
260 ## - PUBLICATION, DISTRIBUTION, ETC. (IMPRINT)
Place of publication, distribution, etc Noida :
Name of publisher, distributor, etc Harper Collins Publishers India,
Date of publication, distribution, etc 2010.
270 ## - ADDRESS
Address A-53, Sector 57,
City Noida
300 ## - PHYSICAL DESCRIPTION
Extent xii, 220 p., 16 plates :
Other physical details col. ill. ;
Dimensions 23 cm. (Pbk)
700 1# - ADDED ENTRY--PERSONAL NAME
Personal name Gautier, François,
Dates associated with a name 1950-
9 (RLIN) 32606
942 ## - ADDED ENTRY ELEMENTS (KOHA)
Source of classification or shelving scheme Dewey Decimal Classification
Item type English Books
Call number suffix GAU
Classification part 613.7046
Holdings
Withdrawn status Lost status Not for loan Collection code Home library Current library Date acquired Source of acquisition Cost, normal purchase price Full call number Barcode Copy number Cost, replacement price Koha item type
      Non-fiction Bawana Bawana 18/08/2011 Researchco Book Centre/RBC-22425/2011-12/17.3.11/76/4.3.11/30.3.11 250.00 613.7046 GAU B-428557 1 250.00 English Books
      Non-fiction Central Library Central Library 18/08/2011 Researchco Book Centre/RBC-22425/2011-12/17.3.11/76/4.3.11/30.3.11 250.00 613.7046 GAU B-428552 1 250.00 English Books
      Non-fiction Janak Puri Janak Puri 18/08/2011 Researchco Book Centre/RBC-22425/2011-12/17.3.11/76/4.3.11/30.3.11 250.00 613.7046 GAU B-428554 1 250.00 English Books
      Non-fiction Narela Narela 18/08/2011 Researchco Book Centre/RBC-22425/2011-12/17.3.11/76/4.3.11/30.3.11 250.00 613.7046 GAU B-428558 1 250.00 English Books
      Non-fiction Patel Nagar Patel Nagar 18/08/2011 Researchco Book Centre/RBC-22425/2011-12/17.3.11/76/4.3.11/30.3.11 250.00 613.7046 GAU B-428553 1 250.00 English Books
      Non-fiction Sarojini Nagar Sarojini Nagar 18/08/2011 Researchco Book Centre/RBC-22425/2011-12/17.3.11/76/4.3.11/30.3.11 250.00 613.7046 GAU B-428555 1 250.00 English Books
      Non-fiction Shahdara Branch Shahdara Branch 18/08/2011 Researchco Book Centre/RBC-22425/2011-12/17.3.11/76/4.3.11/30.3.11 250.00 613.7046 GAU B-428559 1 250.00 English Books
      Non-fiction Vinoba Puri Vinoba Puri 18/08/2011 Researchco Book Centre/RBC-22425/2011-12/17.3.11/76/4.3.11/30.3.11 250.00 613.7046 GAU B-428556 1 250.00 English Books
      Non-fiction Yojana Vihar Yojana Vihar 18/08/2011 Researchco Book Centre/RBC-22425/2011-12/17.3.11/76/4.3.11/30.3.11 250.00 613.7046 GAU B-428560 1 250.00 English Books

© Delhi Public Library
Hit Counter
free hit counter